| 000 | 00690nam a2200217 a 4500 | ||
|---|---|---|---|
| 999 |
_c9146 _d9146 |
||
| 001 | 9146 | ||
| 003 | BD-JhCC | ||
| 005 | 20180310095628.0 | ||
| 008 | 171212s1998 bg |||| ||a| 000 0 ben d | ||
| 035 | _a(BD-JhCC)9146 | ||
| 040 |
_aBD-JhCC _dBD-JhCC |
||
| 041 | _aben | ||
| 082 |
_a320.473 _bHAQ 1998 |
||
| 100 | _a হক, মোজাম্মেল | ||
| 245 |
_aউচ্চ মাধ্যমিক পৌরনীতি প্রথম পত্র / _cমোঃ মোজাম্মেল হক |
||
| 260 |
_aঢাকা : _bহাসান বুক হাউস, _c1998. |
||
| 300 |
_a316 p. : _c28 cm. |
||
| 650 | _aCivics | ||
| 942 |
_2ddc _cBK |
||